| 000 | 01421cam a22003617a 4500 | ||
|---|---|---|---|
| 001 | 13917819 | ||
| 003 | NUST-PNEC | ||
| 005 | 20170116180658.0 | ||
| 008 | 050401s2003 njua b 001 0 eng d | ||
| 010 | _a 2005297360 | ||
| 020 | _a9812380574 | ||
| 035 | _a(OCoLC)ocm52535209 | ||
| 040 |
_aZCU _cPNEC _dTJC _dDLC |
||
| 042 | _alccopycat | ||
| 050 | 0 | 0 |
_aTA169 _b.K674 2003 |
| 082 | 0 | 0 | _a620.00452 KOT |
| 100 | 1 | _aKotz, Samuel. | |
| 245 | 1 | 4 |
_aThe stress-strength model and its generalizations : _btheory and applications / _cSamuel Kotz, Yan Lumelskii, Marianna Pensky. |
| 260 |
_aRiver Edge, NJ : _bWorld Scientific, _cc2003. |
||
| 300 |
_axvii, 253 p. : _bill. ; _c24 cm. |
||
| 500 | _ahttp://www.amazon.com/Stress-Strength-Model-Its-Generalizations-Applications/dp/9812380574/ref=sr_1_2?s=books&ie=UTF8&qid=1409990945&sr=1-2&keywords=9812380574 | ||
| 500 | _a"P(X<Y)." | ||
| 504 | _aIncludes bibliographical references (p. 233-249) and index. | ||
| 650 | 0 |
_aReliability (Engineering) _xStatistical methods. |
|
| 650 | 0 |
_aEstimation theory. _xME |
|
| 650 | 0 | _aDistribution (Probability theory) | |
| 650 | 0 | _aMathematical statistics. | |
| 700 | 1 | _aLumelʹskiĭ, I︠A︡n Petrovich. | |
| 700 | 1 | _aPensky, Marianna. | |
| 906 |
_a7 _bcbc _ccopycat _d2 _encip _f20 _gy-gencatlg |
||
| 942 |
_2ddc _cBK |
||
| 999 |
_c60458 _d60458 |
||